Facturación & Registración (Registro nro. 3027)
[ vista simple ]
| 000 -LEADER | |
|---|---|
| fixed length control field | 02144 a2200253 4500 |
| 001 - CONTROL NUMBER | |
| control field | 39347 |
| 005 - DATE AND TIME OF LATEST TRANSACTION | |
| control field | 20260407155652.0 |
| 008 - FIXED-LENGTH DATA ELEMENTS--GENERAL INFORMATION | |
| fixed length control field | 260407a2016 arg spa d |
| 003 - CONTROL NUMBER IDENTIFIER | |
| control field | AR-UNSa-BCEJYS |
| 040 ## - CATALOGING SOURCE | |
| Original cataloging agency | AR-UNSa-BCEJYS |
| Language of cataloging | spa |
| Transcribing agency | AR-UNSa-BCEJYS |
| 080 ## - UNIVERSAL DECIMAL CLASSIFICATION NUMBER | |
| Universal Decimal Classification number | 336.221.5 |
| Common auxiliary subdivision | Facturación y registración |
| 020 ## - INTERNATIONAL STANDARD BOOK NUMBER | |
| International Standard Book Number | 978-987-01-1958-6 |
| 041 ## - LANGUAGE CODE | |
| Language code of text/sound track or separate title | spa |
| 100 1# - MAIN ENTRY--PERSONAL NAME | |
| Personal name | Campastro, Miriam Cristina |
| 245 10 - TITLE STATEMENT | |
| Title | Facturación & Registración |
| 250 ## - EDITION STATEMENT | |
| Edition statement | 4a. ed. |
| 264 #1 - PRODUCTION, PUBLICATION, DISTRIBUTION, MANUFACTURE, AND COPYRIGHT NOTICE | |
| Place of production, publication, distribution, manufacture | Buenos Aires : |
| Name of producer, publisher, distributor, manufacturer | Errepar |
| Date of production, publication, distribution, manufacture, or copyright notice | 2016 |
| 300 ## - PHYSICAL DESCRIPTION | |
| Extent | xix, 497 p. |
| Dimensions | 27 cm. |
| 520 ## - SUMMARY, ETC. | |
| Summary, etc. | Un completo panorama de los aspectos prácticos del complejo sistema normativo referido a la facturación y la registración de operaciones.<br/>Entre los temas abordados se destaca el Régimen General de Emisión de Comprobantes [RG (AFIP) 1415]; la solicitud de impresión de comprobantes [RG (AFIP) 100]; los controladores fiscales y las cuponeras fiscales; la registración y almacenamiento de los comprobantes recibidos y emitidos; los libros y registros obligatorios; la documentación relativa al traslado y entrega de productos; las imprentas, importadores y autoimpresores; los regímenes de información; entre otros.<br/>Las explicaciones incluyen cuadros, ejemplos y el planteo de casos y situaciones -que se presentan en la actividad profesional diaria- que agilizan la lectura y facilitan la comprensión de los temas.<br/>Se trata de una obra que será de suma utilidad tanto para los emisores de comprobantes como para sus asesores.<br/> |
| 505 ## - FORMATTED CONTENTS NOTE | |
| Formatted contents note | 1. Régimen general de emisión de comprobantes-RG (AFIP) 1415 - 2. Factura "M" - 3. Situaciones especiales - 4. Solicitud de impresión de comprobantes-RG (AFIP) 100 - 5. Emisión electrónica - 6. Controlador fiscal y cuponera fiscal - 7. Registración y almacenamiento - 8. Documentación relativa al traslado y entrega de productos - 9. Imprentas, importadores y autoimpresores - 10. Obligaciones varias - 11. Consultas frecuentes y aspectos conflictivos |
| 590 ## - LOCAL NOTE (RLIN) | |
| Local note | niveau_biblio:m niveau_hierar:0 |
| 856 41 - ELECTRONIC LOCATION AND ACCESS | |
| Uniform Resource Identifier | <a href="https://biblioeco.unsa.edu.ar/pmb/images/libros/L125775.jpg">https://biblioeco.unsa.edu.ar/pmb/images/libros/L125775.jpg</a> |
| Link text | Imagen de portada |
| Electronic format type | image/jpeg |
| 942 ## - ADDED ENTRY ELEMENTS (KOHA) | |
| Koha item type | |
| Withdrawn status | Lost status | Damaged status | Not for loan | Home library | Current library | Shelving location | Date acquired | Total checkouts | Full call number | Barcode | Date last seen | Price effective from | Koha item type |
|---|---|---|---|---|---|---|---|---|---|---|---|---|---|
| Biblioteca Prof. Eusebio Cleto del Rey | Biblioteca Prof. Eusebio Cleto del Rey | 07/04/2026 | 336.221.5 C186 4ed. | L125775 | 07/04/2026 | 07/04/2026 | Libro | ||||||
| Biblioteca Prof. Eusebio Cleto del Rey | Biblioteca Prof. Eusebio Cleto del Rey | 07/04/2026 | 336.221.5 C186 4ed. | L126500 | 07/04/2026 | 07/04/2026 | Libro | ||||||
| Biblioteca Prof. Eusebio Cleto del Rey | Biblioteca Prof. Eusebio Cleto del Rey | 07/04/2026 | 336.221.5 C186 4ed. | L126501 | 07/04/2026 | 07/04/2026 | Libro | ||||||
| Biblioteca Prof. Eusebio Cleto del Rey | Biblioteca Prof. Eusebio Cleto del Rey | 07/04/2026 | 336.221.5 C186 4ed. | L126502 | 07/04/2026 | 07/04/2026 | Libro | ||||||
| Biblioteca Prof. Eusebio Cleto del Rey | Biblioteca Prof. Eusebio Cleto del Rey | 07/04/2026 | 336.221.5 C186 4ed. | L126503 | 07/04/2026 | 07/04/2026 | Libro | ||||||
| Biblioteca Prof. Eusebio Cleto del Rey | Biblioteca Prof. Eusebio Cleto del Rey | 07/04/2026 | 336.221.5 C186 4ed. | L126504 | 07/04/2026 | 07/04/2026 | Libro |